[Event "Mittelfranken-chTB2a 0809"]
[Site "Mittelfranken"]
[Date "2009.01.25"]
[Round "5.8"]
[White "Goetz, Dieter"]
[Black "Jillek, Werner"]
[Result "1-0"]
[WhiteElo "1882"]
[BlackElo "1881"]
[PlyCount "75"]
[EventDate "2008.10.12"]
[EventType "team"]
[EventRounds "9"]
[EventCountry "GER"]
[SourceTitle "EXT 2011"]
[Source "ChessBase"]
[SourceDate "2010.11.26"]
[SourceVersion "1"]
[SourceVersionDate "2010.11.26"]
[SourceQuality "1"]
[WhiteTeam "Nuernberg SK 1911"]
[BlackTeam "Erlangen SC II"]
[WhiteTeamCountry "GER"]
[BlackTeamCountry "GER"]

1. c4 f5 2. Nc3 Nf6 3. g3 e6 4. Bg2 Be7 5. d3 Nc6 6. e4 Nd4 7. Nge2 c5 8. 0-0 0-0 9. h3 d6 10. Be3 e5 11. f4 Nxe2+ 12. Qxe2 fxe4 13. dxe4 Be6 14. f5 Bf7 15. g4 Qb6 16. Bf3 Rae8 17. g5 Nd7 18. b3 Kh8 19. h4 Qd8 20. Nd5 Bxd5 21. cxd5 Rg8 22. Bh5 g6 23. fxg6 hxg6 24. Rf7 Nf6 25. gxf6 gxh5+ 26. Kh1 Rg4 27. Bg5 Bf8 28. Rg1 Qc8 29. Rxg4 hxg4 30. Qb5 g3 31. Qd7 Qxd7 32. Rxd7 Rb8 33. Kg2 a6 34. Kxg3 b5 35. Kg4 Rc8 36. Kf5 Kg8 37. Kg6 c4 38. f7+ 1-0

[Event "Mittelfrankenliga-B2a 0607"]
[Site "Mittelfranken"]
[Date "2006.11.12"]
[Round "2.4"]
[White "Jillek, Werner"]
[Black "Schulz, Wilfried"]
[Result "1-0"]
[WhiteElo "1896"]
[BlackElo "1927"]
[PlyCount "69"]
[EventDate "2006.10.22"]
[EventType "team-tourn"]
[EventRounds "9"]
[EventCountry "GER"]
[SourceTitle "EXT 2011"]
[Source "ChessBase"]
[SourceDate "2010.11.26"]
[SourceVersion "1"]
[SourceVersionDate "2010.11.26"]
[SourceQuality "1"]
[WhiteTeam "Erlangen SC II"]
[BlackTeam "Erlangen BSGW"]
[WhiteTeamCountry "GER"]
[BlackTeamCountry "GER"]

1. f4 e5 2. fxe5 d6 3. exd6 Bxd6 4. Nf3 g5 5. g3 Nc6 6. c3 g4 7. Nh4 Nge7 8. d4 Ng6 9. Nxg6 hxg6 10. Bg2 Rxh2 11. Qd3 Rxh1+ 12. Bxh1 Bd7 13. Nd2 Qg5 14. Ne4 Qf5 15. Nxd6+ cxd6 16. Qxf5 gxf5 17. Bf4 Ke7 18. 0-0-0 Rh8 19. Re1 Bc8 20. e4 Rh5 21. exf5+ Kd7 22. Be4 Ne7 23. f6 Nc6 24. Rh1 Rxh1+ 25. Bxh1 Kc7 26. Bd5 Nd8 27. Kd2 Be6 28. Bxe6 Nxe6 29. Kd3 Kd7 30. d5 Nc7 31. Ke4 b5 32. Be3 a6 33. Bb6 Ne8 34. Kf5 Kc8 35. b3 1-0

[Event "Mittelfrankenliga-B2a 0506"]
[Site "Germany"]
[Date "2006.04.02"]
[Round "8.4"]
[White "Theimer, Matthias"]
[Black "Jillek, Werner"]
[Result "0-1"]
[WhiteElo "1748"]
[BlackElo "1906"]
[PlyCount "60"]
[EventDate "2005.10.16"]
[EventType "team"]
[EventRounds "9"]
[EventCountry "GER"]
[SourceTitle "EXT 2007"]
[Source "ChessBase"]
[SourceDate "2006.11.23"]
[SourceVersion "1"]
[SourceVersionDate "2006.11.23"]
[SourceQuality "1"]

1. c4 f5 2. d4 e6 3. Nc3 Nf6 4. Nf3 Be7 5. e3 b6 6. Be2 Bb7 7. b3 0-0 8. Bb2 Qe8 9. 0-0 Qg6 10. g3 d6 11. Nh4 Qh6 12. Bf3 Ne4 13. Ng2 Nd7 14. d5 Nxc3 15. Bxc3 e5 16. e4 f4 17. Bd2 g5 18. Bg4 Nf6 19. Be6+ Kh8 20. f3 Bc8 21. Bxc8 Raxc8 22. g4 Qh3 23. Rf2 h5 24. gxh5 g4 25. fxg4 Nxg4 26. Qf3 Qxh2+ 27. Kf1 Nxf2 28. Kxf2 Bh4+ 29. Kf1 Rg8 30. Be1 Qh1+ 0-1

[Event "Mittelfrankenliga-B2a 0506"]
[Site "Germany"]
[Date "2006.03.19"]
[Round "7.4"]
[White "Jillek, Werner"]
[Black "Ammon, Tobias"]
[Result "1/2-1/2"]
[WhiteElo "1906"]
[BlackElo "1735"]
[PlyCount "41"]
[EventDate "2005.10.16"]
[EventType "team"]
[EventRounds "9"]
[EventCountry "GER"]
[SourceTitle "EXT 2007"]
[Source "ChessBase"]
[SourceDate "2006.11.23"]
[SourceVersion "1"]
[SourceVersionDate "2006.11.23"]
[SourceQuality "1"]

1. f4 e5 2. fxe5 d6 3. exd6 Bxd6 4. Nf3 g5 5. g3 g4 6. Nh4 Ne7 7. d4 Ng6 8. Nxg6 hxg6 9. Qd3 Bf5 10. e4 Qe7 11. Bg2 Nc6 12. 0-0 Nxd4 13. Be3 Nf3+ 14. Bxf3 gxf3 15. exf5 0-0-0 16. f6 Qxf6 17. Qe4 Rde8 18. Qg4+ Qe6 19. Qxe6+ Rxe6 20. Rxf3 Rxe3 21. Rxe3 1/2-1/2

[Event "Mittelfrankenliga-B2a 0506"]
[Site "Germany"]
[Date "2006.02.12"]
[Round "6.4"]
[White "Vinokur, Mykhaylo"]
[Black "Jillek, Werner"]
[Result "1/2-1/2"]
[WhiteElo "1787"]
[BlackElo "1906"]
[PlyCount "34"]
[EventDate "2005.10.16"]
[EventType "team"]
[EventRounds "9"]
[EventCountry "GER"]
[SourceTitle "EXT 2007"]
[Source "ChessBase"]
[SourceDate "2006.11.23"]
[SourceVersion "1"]
[SourceVersionDate "2006.11.23"]
[SourceQuality "1"]

1. e4 c5 2. Nc3 d6 3. g3 Nc6 4. Bg2 e5 5. d3 Nf6 6. Nge2 Bg4 7. h3 Bxe2 8. Nxe2 Be7 9. Be3 0-0 10. 0-0 Nd4 11. c3 Ne6 12. d4 d5 13. dxe5 Nxe4 14. Bxe4 dxe4 15. Qxd8 Rfxd8 16. Rad1 Rd3 17. Nc1 Rdd8 1/2-1/2

[Event "Mittelfranken-chT 0405"]
[Site "Germany"]
[Date "2005.04.17"]
[Round "9.3"]
[White "Jillek, Werner"]
[Black "Kirbach, Thomas"]
[Result "1/2-1/2"]
[WhiteElo "1905"]
[BlackElo "1928"]
[PlyCount "31"]
[EventDate "2004.10.17"]
[EventType "team"]
[EventRounds "9"]
[EventCountry "GER"]
[SourceTitle "EXT 2007"]
[Source "ChessBase"]
[SourceDate "2006.11.23"]
[SourceVersion "1"]
[SourceVersionDate "2006.11.23"]
[SourceQuality "1"]

1. f4 d5 2. e3 c5 3. Nf3 Nc6 4. Be2 Nf6 5. b3 Bf5 6. Bb2 e6 7. 0-0 Be7 8. Ne5 Nxe5 9. fxe5 Nd7 10. Bg4 Bg6 11. d4 Rc8 12. c3 Bg5 13. Qe1 0-0 14. Nd2 Bd3 15. Rf3 Qb6 16. Kh1 1/2-1/2

[Event "Mittelfranken-chT 0405"]
[Site "Germany"]
[Date "2005.04.03"]
[Round "8.3"]
[White "Lowitz, Torsten"]
[Black "Jillek, Werner"]
[Result "1/2-1/2"]
[WhiteElo "1987"]
[BlackElo "1905"]
[PlyCount "33"]
[EventDate "2004.10.17"]
[EventType "team"]
[EventRounds "9"]
[EventCountry "GER"]
[SourceTitle "EXT 2007"]
[Source "ChessBase"]
[SourceDate "2006.11.23"]
[SourceVersion "1"]
[SourceVersionDate "2006.11.23"]
[SourceQuality "1"]

1. e4 c5 2. Nf3 e6 3. d4 cxd4 4. Nxd4 a6 5. Bd3 Nc6 6. Nb3 Nf6 7. 0-0 Be7 8. Nc3 b5 9. a3 Ne5 10. Be2 Bb7 11. f4 Qb6+ 12. Kh1 Nc4 13. Bf3 e5 14. Nd5 Nxd5 15. exd5 0-0 16. Qd3 exf4 17. Be4 1/2-1/2

[Event "Mittelfranken-chT 0405"]
[Site "Germany"]
[Date "2004.11.07"]
[Round "2.3"]
[White "Renner, Christian"]
[Black "Jillek, Werner"]
[Result "1/2-1/2"]
[WhiteElo "1875"]
[BlackElo "1905"]
[PlyCount "119"]
[EventDate "2004.10.17"]
[EventType "team"]
[EventRounds "9"]
[EventCountry "GER"]
[SourceTitle "EXT 2007"]
[Source "ChessBase"]
[SourceDate "2006.11.23"]
[SourceVersion "1"]
[SourceVersionDate "2006.11.23"]
[SourceQuality "1"]

1. d4 f5 2. g3 e6 3. Bg2 d5 4. Nf3 Nf6 5. 0-0 Bd6 6. c4 c6 7. b3 0-0 8. Ba3 Ne4 9. Bxd6 Qxd6 10. Qc1 Nd7 11. Qb2 Qe7 12. e3 Rf6 13. Nbd2 Rh6 14. Rfe1 g5 15. Ne5 g4 16. Bxe4 dxe4 17. a4 Qg7 18. Ra2 Rh3 19. Nf1 h5 20. Nxd7 Bxd7 21. Qa3 h4 22. Qd6 hxg3 23. fxg3 Rf8 24. Rf2 Bc8 25. a5 a6 26. Rd1 Rh6 27. Qe5 Rhf6 28. Nd2 Qe7 29. c5 Qd8 30. Nc4 Qd5 31. Qf4 R6f7 32. Rb1 Qd8 33. Nd6 Rg7 34. b4 Qc7 35. Rbf1 Kh7 36. Nxe4 Qxf4 37. Rxf4 e5 38. dxe5 Re7 39. Nf6+ Kg6 40. Nxg4 Rd8 41. Nf2 Rxe5 42. Rd4 Rde8 43. Nd1 Be6 44. Kf2 Bd5 45. Re1 Rh8 46. h4 Rhe8 47. Nb2 Re4 48. Nd3 Kh5 49. Nf4+ Kg4 50. Nxd5 cxd5 51. Rxd5 Rxb4 52. Red1 Ree4 53. Rd8 Rb2+ 54. R1d2 Rxd2+ 55. Rxd2 f4 56. gxf4 Ra4 57. Rc2 Rxa5 58. h5 Kxh5 59. Kf3 Rb5 60. Ke4 1/2-1/2

[Event "Regionalliga NO 0203"]
[Site "Bayern"]
[Date "2003.02.09"]
[Round "6.5"]
[White "Jillek, Werner"]
[Black "Mueller, Marcus2222"]
[Result "0-1"]
[WhiteElo "1923"]
[BlackElo "2081"]
[PlyCount "68"]
[EventDate "2002.10.20"]
[EventType "team-tourn"]
[EventRounds "9"]
[EventCountry "GER"]
[SourceTitle "EXT 2004"]
[Source "ChessBase"]
[SourceDate "2003.11.25"]
[SourceVersion "1"]
[SourceVersionDate "2003.11.25"]
[SourceQuality "1"]
[WhiteTeam "Erlangen"]
[BlackTeam "Zirndorf II"]
[WhiteTeamCountry "GER"]
[BlackTeamCountry "GER"]

1. f4 d5 2. e3 Nf6 3. Nf3 e6 4. b3 Be7 5. Bb2 0-0 6. Be2 c5 7. 0-0 Nbd7 8. Qe1 b6 9. d3 Bb7 10. Nbd2 Rc8 11. Qg3 Re8 12. Rad1 Bf8 13. c4 Qc7 14. Ne5 Nxe5 15. Bxe5 Qe7 16. Nf3 Nd7 17. Bb2 f6 18. Nh4 Qf7 19. cxd5 exd5 20. Nf5 Kh8 21. Rde1 g6 22. Nh4 Bg7 23. Bd1 f5 24. Bxg7+ Qxg7 25. Nf3 Qc3 26. Ng5 Re7 27. Re2 Qxd3 28. Rfe1 Rce8 29. Bc2 Qc3 30. Qh4 Ba6 31. Bxf5 gxf5 32. Qh5 Bxe2 33. Rxe2 Nf6 34. Nf7+ Kg7 0-1

[Event "Landesliga Nord 0102"]
[Site "Bayern"]
[Date "2002.02.03"]
[Round "5.6"]
[White "Dahlheimer, Bernd"]
[Black "Jillek, Werner"]
[Result "1-0"]
[WhiteElo "2175"]
[BlackElo "1940"]
[PlyCount "103"]
[EventDate "2001.10.07"]
[EventType "team"]
[EventRounds "9"]
[EventCountry "GER"]
[SourceTitle "EXT 2003"]
[Source "ChessBase"]
[SourceDate "2002.11.25"]
[SourceVersion "1"]
[SourceVersionDate "2002.11.25"]
[SourceQuality "1"]
[WhiteTeam "Dettingen"]
[BlackTeam "Erlangen"]
[WhiteTeamCountry "GER"]
[BlackTeamCountry "GER"]

1. e4 c5 2. Nf3 e6 3. d4 cxd4 4. Nxd4 a6 5. Nc3 Nc6 6. Be2 Qc7 7. 0-0 Nf6 8. Be3 Be7 9. f4 d6 10. a4 0-0 11. Kh1 Bd7 12. Nb3 Nb4 13. a5 d5 14. e5 Ne4 15. Nxe4 dxe4 16. c3 Nd5 17. Bd4 f5 18. c4 Nb4 19. Bb6 Qc8 20. Qd2 Nc6 21. Rfd1 Be8 22. Qe3 Nb4 23. Rd2 Bc6 24. Bc5 Qe8 25. Qc3 Bxc5 26. Nxc5 Qg6 27. Bf1 Nd3 28. Nxd3 exd3 29. Rxd3 Qh6 30. Qd2 Kh8 31. Rd1 Qh4 32. Kg1 Qe7 33. Rd6 Rg8 34. b4 g5 35. fxg5 Rxg5 36. Rd8+ Rg8 37. Rxa8 Rxa8 38. g3 Rg8 39. b5 axb5 40. cxb5 Bxb5 41. Qc3 Bc6 42. Rd6 f4 43. Bg2 fxg3 44. hxg3 Bxg2 45. Kxg2 Rf8 46. Qd3 Qf7 47. Rd7 Qf2+ 48. Kh3 Rf5 49. Rxb7 Rf7 50. Rxf7 Qxf7 51. Qd8+ Kg7 52. Qf6+ 1-0